A sermon preached before the governors of the Radcliffe Infirmary : at St. Mary's church in Oxford, on Wednesday, July 3. 1771. By the Right Reverend Robert Lord Bishop of Oxford. ... To which is annexed an account of the establishment of the infirmary.

Bibliographic Details
Main Author: Lowth, Robert, 1710-1787
Format: eBook
Language:English
Series:Eighteenth century collections online.
Online Access:Full text online

MARC

Tag First Indicator Second Indicator Subfields
LEADER 00000cam a2200000 4500
001 in00001951521
006 m | d |
007 cr |n||||||||n
008 780321s1771 enk|||| s 00||||eng d
005 20260407193713.7
035 |a (CStRLIN)ESTCT4634 
040 |a Uk-ES  |c Uk-ES  |d CStRLIN  |d Thomson Gale  |d UtOrBLW 
100 1 |a Lowth, Robert,  |d 1710-1787. 
245 1 2 |a A sermon preached before the governors of the Radcliffe Infirmary :  |b at St. Mary's church in Oxford, on Wednesday, July 3. 1771. By the Right Reverend Robert Lord Bishop of Oxford. ... To which is annexed an account of the establishment of the infirmary. 
264 3 |a Oxford :  |b printed at the Clarendon Press. M.DCC.LXXI. Sold, for the benefit of the infirmary, by J. and J. Fletcher, and D. Prince in Oxford; J. Dodsley and T. Cadell, in London,  |c [1771] 
300 |a 4 unnumbered pages, 28p ;  |c 4⁰. 
336 |a text  |b txt  |2 rdacontent 
337 |a computer  |b c  |2 rdamedia 
338 |a online resource  |b cr  |2 rdacarrier 
500 |a Reproduction of original from the British Library. 
510 4 |a English Short Title Catalog,  |c ESTCT4634. 
533 |a Electronic reproduction.  |b Farmington Hills, Mich. :  |c Thomson Gale,  |d 2003.  |n Available via the World Wide Web.  |n Access limited by licensing agreements  |7 s2003 miunns 
500 |a Electronic resource. 
830 0 |a Eighteenth century collections online. 
856 4 0 |u http://proxy.library.tamu.edu/login?url=https://galenet.galegroup.com/servlet/ECCO?c=1&stp=Author&ste=11&af=BN&ae=T004634&tiPG=1&dd=0&dc=flc&docNum=CW123022678&vrsn=1.0&srchtp=a&d4=0.33&n=10&SU=0LRF&locID=txshracd2898  |z Full text online  |t 0 
999 |a MARS 
999 f f |s 74a850fc-870f-3df6-b772-32ed7fa6226e  |i 49163837-b65a-3b70-a727-db33693089c1  |t 0 
952 f f |a Texas A&M University  |b College Station  |c Electronic Resources  |s www_evans  |d Available Online  |t 0  |h No information provided 
998 f f |t 0  |l Available Online